[Event "Catalunya-ch"]
[Site "Salou"]
[Date "2025.05.17"]
[Round "1.1"]
[White "Asis Gargatagli, Hipolito"]
[Black "Salinas Tomas, Daniel"]
[Result "1/2-1/2"]
[WhiteElo "2448"]
[BlackElo "2338"]
[PlyCount "123"]
[EventDate "2025.05.17"]
[EventType "k.o."]
[EventRounds "4"]
[EventCountry "ESP"]
[SourceTitle "CB22_2025"]
[SourceDate "2025.05.28"]
[SourceVersion "1"]
[SourceVersionDate "2025.05.28"]
[SourceQuality "1"]

1. e4 c5 2. Nf3 d6 3. Bb5+ Nd7 4. 0-0 Ngf6 5. Re1 a6 6. Bf1 b6 7. c3 Bb7 8. d3 g6 9. Nbd2 Bg7 10. d4 cxd4 11. cxd4 0-0 12. Bd3 e5 13. d5 Ne8 14. Nf1 Nc5 15. Bc2 a5 16. Ng3 Qd7 17. Be3 Nc7 18. Nd2 N7a6 19. Nc4 Qc7 20. Rc1 Rfc8 21. Bb1 a4 22. Qd2 Rab8 23. Bc2 b5 24. Na5 b4 25. Nxb7 Qxb7 26. b3 axb3 27. axb3 Nd7 28. Ra1 Nac5 29. Ra2 Ra8 30. Rea1 Rxa2 31. Rxa2 h5 32. Nf1 Bf6 33. Qe1 Qb5 34. Nd2 Nb6 35. g3 h4 36. Nf3 hxg3 37. hxg3 Kg7 38. Kg2 Rh8 39. Ng1 Nbd7 40. Bd2 Rb8 41. Qe2 Qb7 42. Nh3 Be7 43. f3 Rh8 44. Nf2 Nb8 45. Ra1 Nba6 46. Ng4 Nc7 47. Qc4 Nb5 48. Qxb4 Rc8 49. Rh1 Nd4 50. Qxb7 Nxb7 51. Bd1 Ra8 52. Bc3 Ra2+ 53. Kh3 Nc5 54. Rh2 Rxh2+ 55. Kxh2 Ndxb3 56. Ne3 Nd4 57. Nc4 f5 58. exf5 Nxf5 59. f4 Ne4 60. Bb2 Bf6 61. Nxd6 exf4 62. Nxe4 1/2-1/2

[Event "Catalunya-chT Gp1 Title"]
[Site "Barcelona"]
[Date "2025.03.08"]
[Round "3.6"]
[White "Salinas Tomas, Daniel"]
[Black "Alonso Moyano, Jonathan"]
[Result "0-1"]
[WhiteElo "2339"]
[BlackElo "2336"]
[PlyCount "68"]
[EventDate "2025.02.22"]
[EventType "team-k.o."]
[EventRounds "4"]
[EventCountry "ESP"]
[SourceTitle "CB14_2025"]
[SourceDate "2024.11.01"]
[SourceVersion "1"]
[SourceVersionDate "2024.11.01"]
[SourceQuality "1"]
[WhiteTeam "Colon Sabadell"]
[BlackTeam "Barbera"]
[WhiteTeamCountry "ESP"]
[BlackTeamCountry "ESP"]

1. d4 Nf6 2. c4 e6 3. g3 Bb4+ 4. Nc3 Bxc3+ 5. bxc3 0-0 6. Bg2 d6 7. Nf3 Nc6 8. 0-0 e5 9. e3 Qe7 10. Nd2 Bf5 11. Ba3 Bd3 12. Re1 e4 13. f4 h5 14. h3 Qd7 15. Qa4 Rfe8 16. Qb5 a6 17. Qg5 b5 18. f5 bxc4 19. g4 hxg4 20. hxg4 Qe7 21. Kf2 Nh7 22. Qh5 Qg5 23. Rh1 Qxh5 24. gxh5 f6 25. h6 Ng5 26. Rh4 Rab8 27. Rah1 Rb5 28. hxg7 Kxg7 29. Rh6 Rxf5+ 30. Ke1 Ra5 31. Bc1 Rxa2 32. Bh3 Kxh6 33. Bd7+ Kg7 34. Bxe8 Na5 0-1

[Event "Catalunya-chT Gp2"]
[Site "Barcelona"]
[Date "2025.01.25"]
[Round "2.6"]
[White "Triadu Cassa, Jordi"]
[Black "Salinas Tomas, Daniel"]
[Result "0-1"]
[WhiteElo "2108"]
[BlackElo "2316"]
[PlyCount "126"]
[EventDate "2025.01.18"]
[EventType "team-tourn"]
[EventRounds "5"]
[EventCountry "ESP"]
[SourceTitle "CB07_2025"]
[SourceDate "2025.02.12"]
[SourceVersion "1"]
[SourceVersionDate "2025.02.12"]
[SourceQuality "1"]
[WhiteTeam "Olot"]
[BlackTeam "Colon Sabadell"]
[WhiteTeamCountry "ESP"]
[BlackTeamCountry "ESP"]

1. e4 c6 2. Nc3 d5 3. g3 dxe4 4. Nxe4 Nf6 5. d3 Nxe4 6. dxe4 Qxd1+ 7. Kxd1 e5 8. Be3 Be6 9. Bh3 Bxh3 10. Nxh3 Nd7 11. Ke2 f6 12. f3 a5 13. a4 Bc5 14. Nf2 Ke7 15. Nd1 Bd6 16. Bf2 Ke6 17. Ne3 g6 18. Nc4 Bc7 19. Ra3 f5 20. Rb3 Rhb8 21. exf5+ gxf5 22. h3 b5 23. axb5 cxb5 24. Nd2 Nf6 25. Ra3 a4 26. Ra2 Ba5 27. g4 Nd5 28. gxf5+ Kxf5 29. Ne4 Rd8 30. Bc5 Nf4+ 31. Ke3 Rac8 32. b4 Bxb4 33. Bxb4 Nd5+ 34. Kf2 Nxb4 35. Rb2 Rxc2+ 36. Rxc2 Nxc2 37. Rc1 Nd4 38. Rc7 Kg6 39. Ra7 Rf8 40. Ra6+ Kg7 41. Ng5 h6 42. Ne4 Rxf3+ 43. Kg2 Rf7 44. h4 Rf4 45. Ra7+ Kf8 46. Nd6 Rxh4 47. Kg3 Rh5 48. Kg4 Rg5+ 49. Kh3 Rg7 50. Ra8+ Ke7 51. Ne4 Ke6 52. Ra6+ Kd5 53. Nc3+ Kc4 54. Ne4 Kb3 55. Nd2+ Kc2 56. Ne4 Rc7 57. Ra5 Kb2 58. Nf2 a3 59. Nd3+ Kb3 60. Nxe5 a2 61. Kh2 Rc2+ 62. Kh3 Rc1 63. Nd3 Rc3 0-1

[Event "ESP-ch 89th"]
[Site "Marbella"]
[Date "2024.12.14"]
[Round "4"]
[White "Salinas Tomas, Daniel"]
[Black "Rodriguez Redondo, Adhara"]
[Result "1-0"]
[WhiteElo "2365"]
[BlackElo "2195"]
[PlyCount "111"]
[EventDate "2024.12.11"]
[EventType "swiss"]
[EventRounds "9"]
[EventCountry "ESP"]
[SourceTitle "CB52_2024"]
[SourceDate "2024.12.25"]
[SourceVersion "1"]
[SourceVersionDate "2024.12.25"]
[SourceQuality "1"]

1. d4 Nf6 2. Nf3 d5 3. g3 e6 4. Bg2 Be7 5. c4 0-0 6. 0-0 dxc4 7. Qc2 a6 8. Rd1 b5 9. Ne5 Nd5 10. b3 cxb3 11. axb3 Bb7 12. Ba3 Bxa3 13. Nxa3 Nd7 14. Nd3 Qb8 15. e4 N5f6 16. Re1 c6 17. Qc3 a5 18. Nc2 b4 19. Qb2 Rc8 20. Ne3 c5 21. Nc4 cxd4 22. Qxd4 e5 23. Ndxe5 Nxe5 24. Nxe5 Rd8 25. Qc5 Qd6 26. Qxd6 Rxd6 27. Nc4 Rda6 28. Rad1 Re6 29. e5 Bxg2 30. Kxg2 Ne8 31. Rd5 f6 32. Rxa5 Rxa5 33. Nxa5 fxe5 34. Re4 Nf6 35. Rxb4 e4 36. Rb8+ Kf7 37. Rb7+ Kg6 38. Nc4 h5 39. b4 Ng4 40. Rb6 Rxb6 41. Nxb6 e3 42. fxe3 Nxe3+ 43. Kf3 Nc2 44. Nd5 h4 45. gxh4 Kh5 46. Kg3 g5 47. hxg5 Kxg5 48. h4+ Kf5 49. b5 Nd4 50. b6 Nc6 51. b7 Ke6 52. Nb4 Nb8 53. h5 Kf5 54. Kh4 Kf6 55. Kg4 Kg7 56. Kf5 1-0

[Event "Sant Boi de Llobregat op 5th"]
[Site "Sant Boi de Llobregat"]
[Date "2024.12.06"]
[Round "8"]
[White "Allahverdiyeva, Ayan"]
[Black "Salinas Tomas, Daniel"]
[Result "1-0"]
[WhiteElo "2174"]
[BlackElo "2360"]
[PlyCount "77"]
[EventDate "2024.11.29"]
[EventType "swiss"]
[EventRounds "10"]
[EventCountry "ESP"]
[SourceTitle "CB50_2024"]
[SourceDate "2024.11.01"]
[SourceVersion "1"]
[SourceVersionDate "2024.11.01"]
[SourceQuality "2"]

1. e4 c6 2. d4 d5 3. e5 c5 4. Nf3 Nc6 5. dxc5 Bg4 6. Bb5 e6 7. Be3 Nge7 8. c3 Ng6 9. Qa4 Bxf3 10. Bxc6+ bxc6 11. Qxc6+ Ke7 12. Qb7+ Ke8 13. Qc6+ Ke7 14. gxf3 Rc8 15. Qd6+ Ke8 16. Qxd8+ Kxd8 17. b4 Nxe5 18. Nd2 Be7 19. f4 Ng6 20. Rd1 Bf6 21. Ne4 Ke7 22. Nxf6 Kxf6 23. c4 dxc4 24. Rc1 e5 25. Rxc4 exf4 26. Bxf4 a5 27. a3 axb4 28. axb4 Ra8 29. 0-0 Ra4 30. Bd6 Ke6 31. Rd1 Rha8 32. c6 Ra1 33. Re4+ Kf5 34. Ree1 R1a2 35. Rd5+ Kg4 36. Re4+ Kf3 37. Re3+ Kg4 38. h3+ Kh4 39. Re4+ 1-0

[Event "Sant Boi de Llobregat op 5th"]
[Site "Sant Boi de Llobregat"]
[Date "2024.12.05"]
[Round "7"]
[White "Salinas Tomas, Daniel"]
[Black "Adharsh, K."]
[Result "1-0"]
[WhiteElo "2360"]
[BlackElo "2235"]
[PlyCount "84"]
[EventDate "2024.11.29"]
[EventType "swiss"]
[EventRounds "10"]
[EventCountry "ESP"]
[SourceTitle "CB50_2024"]
[SourceDate "2024.11.01"]
[SourceVersion "1"]
[SourceVersionDate "2024.11.01"]
[SourceQuality "2"]

1. d4 Nf6 2. c4 g6 3. g3 Bg7 4. Bg2 0-0 5. Nc3 d6 6. Nf3 c6 7. e4 Nbd7 8. 0-0 e5 9. h3 h6 10. Be3 Qc7 11. Qc2 Re8 12. Rfe1 Nf8 13. Rad1 Be6 14. b3 Kh7 15. Kh2 Rac8 16. Qd2 Rcd8 17. d5 cxd5 18. Nb5 Qd7 19. exd5 Bxd5 20. Bxa7 Qc6 21. Ng5+ hxg5 22. Bxd5 Qd7 23. Bb6 Rc8 24. Bg2 d5 25. Bxd5 g4 26. hxg4 e4 27. g5 Nh5 28. Bxe4 Qg4 29. Bg2 Rxe1 30. Rxe1 Ra8 31. a4 Ra6 32. a5 Ra8 33. Re4 Qc8 34. Nc7 Ra6 35. Bh3 Ne6 36. Nxe6 fxe6 37. Bxe6 Qf8 38. Qd8 Qxd8 39. Bxd8 Rd6 40. Bb6 Rd3 41. c5 Rd2 42. Kg2 Bd4 1-0

[Event "Sant Boi de Llobregat op 5th"]
[Site "Sant Boi de Llobregat"]
[Date "2024.12.02"]
[Round "4"]
[White "Salinas Tomas, Daniel"]
[Black "Charvi, A."]
[Result "1-0"]
[WhiteElo "2360"]
[BlackElo "1916"]
[PlyCount "91"]
[EventDate "2024.11.29"]
[EventType "swiss"]
[EventRounds "10"]
[EventCountry "ESP"]
[SourceTitle "CB50_2024"]
[SourceDate "2024.11.01"]
[SourceVersion "1"]
[SourceVersionDate "2024.11.01"]
[SourceQuality "2"]

1. Nf3 Nf6 2. b3 g6 3. Bb2 Bg7 4. g3 0-0 5. Bg2 d5 6. c4 c6 7. 0-0 a5 8. Nc3 Re8 9. d4 Nbd7 10. cxd5 cxd5 11. Rc1 Qb6 12. a4 Nb8 13. Ne5 Be6 14. Nb5 Nc6 15. Nd3 Bf5 16. Ba3 Rac8 17. e3 Ne4 18. Nf4 Qd8 19. g4 Bd7 20. Nxd5 Nf6 21. Nxf6+ Bxf6 22. h3 Bg7 23. Qe2 Bf8 24. Rfd1 e6 25. Bxf8 Rxf8 26. Nd6 Rb8 27. Qf3 Qb6 28. Qf6 Qd8 29. Ne4 Nb4 30. Qe5 f5 31. Nc5 Nc6 32. Bxc6 bxc6 33. Nxe6 Bxe6 34. Qxe6+ Kh8 35. Rxc6 Rb7 36. Rdc1 Re7 37. Qd6 Rd7 38. Qe5+ Kg8 39. Rc8 Qb6 40. Rxf8+ Kxf8 41. Rc8+ Kf7 42. Qe8+ Kg7 43. Qxd7+ Kh6 44. Rh8 Qb4 45. Qxh7+ Kg5 46. Qh4# 1-0

[Event "Barbera del Valles op 46th"]
[Site "Barbera del Valles"]
[Date "2024.07.11"]
[Round "8"]
[White "Bogdanov, Artyom"]
[Black "Salinas Tomas, Daniel"]
[Result "1-0"]
[WhiteElo "2284"]
[BlackElo "2335"]
[PlyCount "97"]
[EventDate "2024.07.04"]
[EventType "swiss"]
[EventRounds "9"]
[EventCountry "ESP"]
[SourceTitle "CBM 221 Extra"]
[Source "ChessBase"]
[SourceDate "2024.09.30"]
[SourceVersion "1"]
[SourceVersionDate "2024.09.30"]
[SourceQuality "1"]

1. e4 c5 2. Nf3 d6 3. Bb5+ Nd7 4. 0-0 a6 5. Bd3 Ngf6 6. Re1 b5 7. c4 Qb6 8. Nc3 b4 9. Nd5 Qd8 10. Bc2 e5 11. d4 cxd4 12. Nxb4 Bb7 13. Nd5 Be7 14. Bd2 Nxd5 15. exd5 0-0 16. b4 Rc8 17. Bb3 Kh8 18. Qe2 Bf6 19. Rac1 Re8 20. Qd3 g6 21. Ba4 Rf8 22. a3 Kg8 23. Bb3 a5 24. Ba2 Re8 25. Qb1 Ba6 26. h3 Bg7 27. Ng5 h6 28. Ne4 Bf8 29. Qb3 Kh7 30. Qa4 Kh8 31. b5 Bb7 32. Bxa5 Qe7 33. Bb4 Nc5 34. Qd1 f5 35. Nxc5 dxc5 36. Bd2 e4 37. Bb1 Qe5 38. Qb3 Bd6 39. g3 e3 40. Rxe3 Qf6 41. Rxe8+ Rxe8 42. Re1 Rxe1+ 43. Bxe1 Qe5 44. Kf1 f4 45. Qd3 Bc8 46. g4 f3 47. Qxf3 h5 48. Bxg6 h4 49. Qf7 1-0

[Event "Barbera del Valles op 46th"]
[Site "Barbera del Valles"]
[Date "2024.07.08"]
[Round "5"]
[White "Salinas Tomas, Daniel"]
[Black "Alsina Leal, Daniel"]
[Result "1-0"]
[WhiteElo "2335"]
[BlackElo "2512"]
[PlyCount "83"]
[EventDate "2024.07.04"]
[EventType "swiss"]
[EventRounds "9"]
[EventCountry "ESP"]
[SourceTitle "CBM 221 Extra"]
[Source "ChessBase"]
[SourceDate "2024.09.30"]
[SourceVersion "1"]
[SourceVersionDate "2024.09.30"]
[SourceQuality "1"]

1. d4 Nf6 2. c4 e6 3. g3 d5 4. Nf3 Be7 5. Bg2 0-0 6. 0-0 dxc4 7. Qc2 a6 8. a4 Bd7 9. Qxc4 Bc6 10. Bg5 Nbd7 11. Nc3 a5 12. Rfd1 h6 13. Bxf6 Nxf6 14. Rac1 Bb4 15. Ne5 Bxg2 16. Kxg2 c6 17. e3 Qe7 18. Nd3 Rfd8 19. Ne2 Bd6 20. Nef4 g6 21. Nc5 Bxf4 22. gxf4 Nd5 23. Qe2 Rac8 24. Nd3 Kg7 25. Kh1 Nb4 26. Ne5 c5 27. Qb5 cxd4 28. Rxc8 Rxc8 29. Rxd4 Nd5 30. Qxa5 Rc1+ 31. Kg2 Rc2 32. Qe1 Rxb2 33. Qa1 Rc2 34. Kg3 f6 35. Nf3 Qc7 36. h4 Nc3 37. Kg2 Ra2 38. Qf1 Rxa4 39. Rxa4 Nxa4 40. Nd4 Qd7 41. Qa1 Nc5 42. Qa7 1-0

[Event "Catalunya-ch"]
[Site "Salou"]
[Date "2024.05.12"]
[Round "1.3"]
[White "Salinas Tomas, Daniel"]
[Black "Ribera Veganzones, Serni"]
[Result "1/2-1/2"]
[WhiteElo "2370"]
[BlackElo "2341"]
[PlyCount "83"]
[EventDate "2024.05.11"]
[EventType "k.o."]
[EventRounds "4"]
[EventCountry "ESP"]
[SourceTitle "CBM 220 Extra"]
[Source "ChessBase"]
[SourceDate "2024.07.31"]
[SourceVersion "1"]
[SourceVersionDate "2024.07.31"]
[SourceQuality "1"]

1. e4 e6 2. d4 d5 3. Nd2 c5 4. Ngf3 cxd4 5. Nxd4 Nc6 6. Bb5 Bd7 7. Nxc6 bxc6 8. Bd3 Bd6 9. Qe2 e5 10. c4 d4 11. c5 Bxc5 12. Nc4 Qe7 13. 0-0 Nf6 14. f4 Ng4 15. f5 Nf6 16. Bd2 Bd6 17. g4 h6 18. Rac1 c5 19. a3 Bc7 20. b4 0-0 21. h4 Nh7 22. Qh2 Rfe8 23. g5 hxg5 24. hxg5 Nxg5 25. Kf2 Bxf5 26. Bxg5 Qxg5 27. Rh1 Qh6 28. Qxh6 gxh6 29. exf5 e4 30. Rxh6 Kg7 31. Rch1 Bd8 32. Nd6 Bg5 33. f6+ Bxf6 34. Nf5+ Kg8 35. Rxf6 exd3 36. Nh6+ Kg7 37. Rxf7+ Kg6 38. Rf4 Re2+ 39. Kf3 Re3+ 40. Kf2 Re2+ 41. Kf3 Re3+ 42. Kf2 1/2-1/2

[Event "ESP-ch Catalunya U16"]
[Site "Cambrils"]
[Date "2024.03.25"]
[Round "4"]
[White "Salinas Tomas, Daniel"]
[Black "Torrent San Nicolas, Biel"]
[Result "1-0"]
[WhiteElo "2386"]
[BlackElo "1966"]
[PlyCount "89"]
[EventDate "2024.03.23"]
[EventType "swiss"]
[EventRounds "9"]
[EventCountry "ESP"]
[SourceTitle "EXT 2025"]
[Source "ChessBase"]
[SourceDate "2024.10.14"]
[SourceVersion "1"]
[SourceVersionDate "2024.10.14"]
[SourceQuality "1"]

1. d4 Nf6 2. c4 g6 3. g3 Bg7 4. Bg2 0-0 5. Nc3 d6 6. Nf3 Nbd7 7. 0-0 e5 8. e4 exd4 9. Nxd4 Re8 10. h3 h6 11. Re1 Nc5 12. b3 c6 13. Bb2 Qa5 14. Qd2 Ne6 15. Nxe6 Bxe6 16. Rad1 Rad8 17. Re3 a6 18. Rd3 Rd7 19. Ne2 Qxd2 20. R3xd2 Red8 21. Bc3 Ne8 22. Ba5 Rc8 23. c5 d5 24. exd5 cxd5 25. b4 Nf6 26. Nf4 Re8 27. Bxd5 Nxd5 28. Nxd5 Bxd5 29. Rxd5 Rxd5 30. Rxd5 Re7 31. Rd8+ Kh7 32. Rd3 h5 33. a4 Be5 34. Bd8 Re8 35. Rd7 Bc3 36. Ba5 Rb8 37. Rxf7+ Kg8 38. Rd7 Kf8 39. Rd3 Bf6 40. Kg2 Ke8 41. f4 Kf7 42. Kf3 Ke6 43. Ke4 Rc8 44. Rd6+ Ke7 45. Rb6 1-0

[Event "Catalunya-chT Gp1 Final"]
[Site "Barcelona"]
[Date "2024.03.16"]
[Round "2.6"]
[White "Delisau Gil, Oriol"]
[Black "Salinas Tomas, Daniel"]
[Result "1/2-1/2"]
[WhiteElo "2210"]
[BlackElo "2386"]
[PlyCount "75"]
[EventDate "2024.03.09"]
[EventType "team-k.o."]
[EventRounds "3"]
[EventCountry "ESP"]
[SourceTitle "CBM 220 Extra"]
[Source "ChessBase"]
[SourceDate "2024.07.31"]
[SourceVersion "1"]
[SourceVersionDate "2024.07.31"]
[SourceQuality "1"]
[WhiteTeam "Sant Andreu"]
[BlackTeam "Colon Sabadell"]
[WhiteTeamCountry "ESP"]
[BlackTeamCountry "ESP"]

1. Nf3 Nf6 2. c4 e6 3. g3 d5 4. Bg2 Be7 5. 0-0 0-0 6. d4 c6 7. Qc2 b6 8. Rd1 Bb7 9. Nc3 Nbd7 10. b3 c5 11. cxd5 exd5 12. Bb2 Rc8 13. dxc5 Bxc5 14. e3 Bb4 15. Rac1 Ne4 16. Qd3 Ndc5 17. Qd4 Bxc3 18. Bxc3 Ne6 19. Qe5 Re8 20. Bb2 Rxc1 21. Rxc1 f6 22. Qh5 N6c5 23. Rd1 g6 24. Qh6 Ba6 25. Ng5 Qe7 26. Nxe4 dxe4 27. Ba3 Be2 28. Rc1 Rd8 29. Bxc5 bxc5 30. Bf1 Bxf1 31. Rxf1 Rd2 32. Qf4 Rxa2 33. Qb8+ Kg7 34. Rd1 Ra6 35. Qc8 Rd6 36. Rxd6 Qxd6 37. Qb7+ Kh6 38. Qxa7 1/2-1/2

[Event "Catalunya-chT Gp1 Final"]
[Site "Barcelona"]
[Date "2024.03.09"]
[Round "1.6"]
[White "Martin Barcelo, Carles"]
[Black "Salinas Tomas, Daniel"]
[Result "1/2-1/2"]
[WhiteElo "2234"]
[BlackElo "2386"]
[PlyCount "55"]
[EventDate "2024.03.09"]
[EventType "team-k.o."]
[EventRounds "3"]
[EventCountry "ESP"]
[SourceTitle "CBM 220 Extra"]
[Source "ChessBase"]
[SourceDate "2024.07.31"]
[SourceVersion "1"]
[SourceVersionDate "2024.07.31"]
[SourceQuality "1"]
[WhiteTeam "Barcelona Escacs CC"]
[BlackTeam "Colon Sabadell"]
[WhiteTeamCountry "ESP"]
[BlackTeamCountry "ESP"]

1. e4 c6 2. d4 d5 3. exd5 cxd5 4. Bd3 Nc6 5. c3 Nf6 6. Bf4 Bg4 7. Qb3 Qd7 8. Nd2 e6 9. Ngf3 Bd6 10. Bxd6 Qxd6 11. 0-0 Bxf3 12. Nxf3 Rb8 13. Rae1 0-0 14. Ne5 b5 15. Bxb5 Ne7 16. Qa4 Qb6 17. Bd3 Qxb2 18. Rb1 Qxc3 19. Qxa7 Rxb1 20. Rxb1 Ng6 21. Bxg6 hxg6 22. h3 Ne4 23. Rf1 Nd2 24. Rd1 Nc4 25. Nd7 Qc2 26. Nxf8 Qxd1+ 27. Kh2 Nd2 28. Qb8 1/2-1/2

[Event "Catalunya-chT Gp1"]
[Site "Barcelona"]
[Date "2024.03.02"]
[Round "7.6"]
[White "Salinas Tomas, Daniel"]
[Black "Pinero Fernandez, Xavier"]
[Result "1-0"]
[WhiteElo "2363"]
[BlackElo "2266"]
[PlyCount "107"]
[EventDate "2024.01.20"]
[EventType "team-tourn"]
[EventRounds "7"]
[EventCountry "ESP"]
[SourceTitle "CBM 219 Extra"]
[Source "ChessBase"]
[SourceDate "2024.05.31"]
[SourceVersion "1"]
[SourceVersionDate "2024.05.31"]
[SourceQuality "1"]
[WhiteTeam "Colon Sabadell"]
[BlackTeam "Ateneu Colon"]
[WhiteTeamCountry "ESP"]
[BlackTeamCountry "ESP"]

1. d4 d5 2. c4 c6 3. Nf3 Nf6 4. g3 Bf5 5. Nc3 e6 6. Qb3 Qb6 7. c5 Qxb3 8. axb3 Be7 9. Bf4 0-0 10. b4 h6 11. e3 Ne4 12. h3 g5 13. Bxb8 Rfxb8 14. g4 Bh7 15. Bd3 Nxc3 16. Bxh7+ Kxh7 17. bxc3 Kg7 18. Ke2 a6 19. c4 f6 20. cxd5 exd5 21. Nd2 Bd8 22. Kd3 Bc7 23. h4 Re8 24. Rh3 Re6 25. Nf3 h5 26. Rg1 hxg4 27. Rxg4 Re4 28. Rg1 Rh8 29. Rhh1 Kg6 30. hxg5 Rxh1 31. Rxh1 fxg5 32. Rg1 g4 33. Nd2 Re7 34. Rxg4+ Kf5 35. f3 a5 36. bxa5 Bxa5 37. Nf1 Rh7 38. Rg2 b6 39. cxb6 Bxb6 40. Rc2 Rc7 41. Ng3+ Ke6 42. Ne2 c5 43. Nf4+ Kd6 44. Rg2 Rc6 45. Rg5 cxd4 46. Rxd5+ Ke7 47. exd4 Bc7 48. Ke4 Rf6 49. Nd3 Rh6 50. Ne5 Bd6 51. Ra5 Rh1 52. Ra7+ Ke8 53. Kd5 Bb4 54. Ra8+ 1-0

[Event "Titled Tuesday intern op 19th Dec Early"]
[Site "Chess.com INT"]
[Date "2023.12.19"]
[Round "3"]
[White "Kvaloy, Aksel Bu"]
[Black "Salinas Tomas, Daniel"]
[Result "0-1"]
[WhiteElo "2443"]
[BlackElo "2289"]
[PlyCount "60"]
[EventDate "2023.12.19"]
[EventType "swiss (blitz)"]
[EventRounds "11"]
[EventCountry "USA"]
[SourceTitle "CBM 217 Extra"]
[Source "ChessBase"]
[SourceDate "2024.01.31"]
[SourceVersion "1"]
[SourceVersionDate "2024.01.31"]
[SourceQuality "1"]

1. d4 d5 2. Nf3 Nf6 3. Bf4 e6 4. Nbd2 Bd6 5. Ne5 c5 6. e3 Nc6 7. c3 Qc7 8. Ndf3 Nd7 9. Bd3 Ncxe5 10. dxe5 Nxe5 11. Bxe5 Bxe5 12. 0-0 g6 13. Bb5+ Kf8 14. Re1 a6 15. Ba4 b5 16. Bc2 Bb7 17. e4 d4 18. cxd4 cxd4 19. Qd2 Kg7 20. Rad1 Rhd8 21. Bb3 Rac8 22. h4 h5 23. g3 a5 24. Ng5 Bf6 25. Nf3 a4 26. e5 Be7 27. Bxe6 fxe6 28. Nxd4 Rxd4 29. Qxd4 Qc6 30. f3 Bc5 0-1

[Event "Titled Tuesday intern op 19th Dec Early"]
[Site "Chess.com INT"]
[Date "2023.12.19"]
[Round "2"]
[White "Volkov, Maksim"]
[Black "Salinas Tomas, Daniel"]
[Result "1-0"]
[WhiteElo "2271"]
[BlackElo "2289"]
[PlyCount "125"]
[EventDate "2023.12.19"]
[EventType "swiss (blitz)"]
[EventRounds "11"]
[EventCountry "USA"]
[SourceTitle "CBM 217 Extra"]
[Source "ChessBase"]
[SourceDate "2024.01.31"]
[SourceVersion "1"]
[SourceVersionDate "2024.01.31"]
[SourceQuality "1"]

1. e4 e5 2. Nf3 Nc6 3. Bc4 Nf6 4. d3 Bc5 5. c3 d6 6. 0-0 0-0 7. Re1 a6 8. a4 Ba7 9. h3 h6 10. b4 Be6 11. Bxe6 fxe6 12. Nbd2 Qe8 13. Nb3 Qh5 14. b5 Ne7 15. Ra2 Nh7 16. Nh2 Qf7 17. Nf3 Ng6 18. Be3 Nf4 19. Bxf4 Qxf4 20. d4 Rf7 21. d5 Qf6 22. Nc1 Raf8 23. Nd3 exd5 24. exd5 Qg6 25. Nh4 Qg5 26. Qg4 Qxg4 27. hxg4 Ng5 28. Nf5 Kh7 29. bxa6 bxa6 30. Rb2 g6 31. Ne3 Ne4 32. c4 Bd4 33. Rbe2 Bxe3 34. fxe3 Nc3 35. Rb2 Nxa4 36. Ra2 Nb6 37. Rc1 Ra8 38. Ra5 Rff8 39. c5 dxc5 40. Raxc5 Kg8 41. e4 a5 42. Rxc7 Rf7 43. Rxf7 Kxf7 44. Nxe5+ Kf6 45. Nf3 Ke7 46. Rc6 Nd7 47. e5 a4 48. Nd4 a3 49. Nc2 a2 50. Na1 Nxe5 51. Re6+ Kd7 52. Rxe5 Rb8 53. Kh2 Rb1 54. Nc2 Rc1 55. Na1 Rxa1 56. Re2 Kd6 57. Kg3 Kxd5 58. g5 hxg5 59. Kg4 Kd4 60. Kxg5 Kd3 61. Rf2 Ke3 62. Rb2 Ke4 63. g4 1-0

[Event "Titled Tuesday intern op 12th Dec Early"]
[Site "Chess.com INT"]
[Date "2023.12.12"]
[Round "2"]
[White "Baskakov, Egor"]
[Black "Salinas Tomas, Daniel"]
[Result "1-0"]
[WhiteElo "2215"]
[BlackElo "2289"]
[PlyCount "119"]
[EventDate "2023.12.12"]
[EventType "swiss (blitz)"]
[EventRounds "11"]
[EventCountry "USA"]
[SourceTitle "CBM 217 Extra"]
[Source "ChessBase"]
[SourceDate "2024.01.31"]
[SourceVersion "1"]
[SourceVersionDate "2024.01.31"]
[SourceQuality "1"]

1. e4 c6 2. d4 d5 3. e5 Bf5 4. Ne2 e6 5. Ng3 Bg6 6. h4 h6 7. h5 Bh7 8. Bd3 Bxd3 9. cxd3 c5 10. dxc5 Bxc5 11. d4 Bb6 12. Nc3 Nc6 13. Be3 Nge7 14. Qg4 Kf8 15. 0-0 Na5 16. Rae1 Nc4 17. Bc1 Nc6 18. Nce2 f5 19. Nxf5 exf5 20. Qxf5+ Kg8 21. Qe6+ Kh7 22. b3 N4a5 23. Qg6+ Kg8 24. Qe6+ Kh7 25. Bxh6 Qe8 26. Qxe8 Rhxe8 27. Be3 Rac8 28. Rd1 Nb4 29. Rd2 Rc6 30. Nf4 Bd8 31. Ng6 Rc2 32. Rfd1 Rxa2 33. f4 Rxd2 34. Rxd2 Nbc6 35. Rd3 Nb4 36. Rd2 Bb6 37. Bf2 Nbc6 38. Rd3 Nb4 39. Rf3 Nac6 40. Nh4 Bxd4 41. g4 Bxf2+ 42. Kxf2 d4 43. g5 d3 44. g6+ Kg8 45. Ke3 Rd8 46. Kd2 Nd4 47. Rf1 Nxb3+ 48. Kc3 d2 49. Kxb3 Nd3 50. Nf3 Nf2 51. Nxd2 Rxd2 52. f5 Ne4 53. f6 gxf6 54. exf6 Rd8 55. f7+ Kg7 56. h6+ Kxg6 57. f8Q Rxf8 58. Rxf8 Kxh6 59. Rf4 Nd6 60. Rf6+ 1-0

[Event "Sant Boi de Llobregat op 4th"]
[Site "Sant Boi de Llobregat"]
[Date "2023.12.03"]
[Round "4"]
[White "Salinas Tomas, Daniel"]
[Black "Akbas, Umut Ata"]
[Result "1-0"]
[WhiteElo "2289"]
[BlackElo "2446"]
[PlyCount "143"]
[EventDate "2023.11.30"]
[EventType "swiss"]
[EventRounds "9"]
[EventCountry "ESP"]
[SourceTitle "CBM 217 Extra"]
[Source "ChessBase"]
[SourceDate "2024.01.31"]
[SourceVersion "1"]
[SourceVersionDate "2024.01.31"]
[SourceQuality "1"]

1. d4 Nf6 2. c4 g6 3. g3 Bg7 4. Bg2 d5 5. cxd5 Nxd5 6. e4 Nb6 7. Ne2 0-0 8. 0-0 Nc6 9. d5 Na5 10. Nbc3 c6 11. Bf4 e5 12. Be3 cxd5 13. exd5 Nac4 14. Bc5 Re8 15. b3 Nd6 16. a4 Bf8 17. Rc1 Bf5 18. a5 Nd7 19. Bxd6 Bxd6 20. Nb5 Nc5 21. Nxd6 Qxd6 22. Nc3 Qd7 23. b4 Na6 24. Qb3 Red8 25. Rfe1 Qd6 26. g4 Bd7 27. Ne4 Qxb4 28. Qh3 h5 29. Qe3 Qf8 30. Nf6+ Kh8 31. Qxe5 Qg7 32. gxh5 Bf5 33. d6 Nb4 34. h6 Qxh6 35. Nd5+ Qg7 36. Qxg7+ Kxg7 37. Nxb4 Rxd6 38. a6 Rb8 39. Bxb7 Rd4 40. Nc6 Rg4+ 41. Kh1 Rh8 42. Nxa7 Rgh4 43. Re3 Rxh2+ 44. Kg1 R2h4 45. Nb5 Rg4+ 46. Rg3 Rb4 47. a7 Rxb5 48. a8Q Rxa8 49. Bxa8 Be6 50. Re1 Ra5 51. Be4 Kf6 52. Ree3 Rb5 53. Bd3 Rc5 54. Kf1 Rc1+ 55. Ke2 Rc5 56. Kd2 Bd5 57. Be4 Be6 58. Bc2 Rd5+ 59. Ke1 Rd7 60. Rgf3+ Kg7 61. Rxe6 fxe6 62. Rg3 e5 63. Rxg6+ Kf7 64. Rc6 Rb7 65. Ke2 Rb4 66. Ke3 Ke7 67. Bf5 Kf7 68. f3 Ra4 69. Re6 Ra3+ 70. Ke4 Ra4+ 71. Kxe5 Ra5+ 72. Kf4 1-0